| 000 | 00499cam a22002051 4500 | ||
|---|---|---|---|
| 001 | sa 64003905 | ||
| 003 | DLC | ||
| 005 | 20260227112020.0 | ||
| 008 | 890620s1961 ii 000 0 tamo | ||
| 010 | _asa 64003905 | ||
| 035 | _a(OCoLC)19902531 | ||
| 040 |
_aDLC _cWaU _dDLC |
||
| 050 | 0 | 0 |
_aPL4751 _b.P3 |
| 100 | 1 |
_aPārttacārati, Nā., _d1932-1987. |
|
| 245 | 1 | 0 | _aMol̲iyin̲ val̲iyē. |
| 260 | _c[1961] | ||
| 300 |
_a164 p. _c19 cm. |
||
| 500 | _aIn Tamil. | ||
| 650 | 0 | _aTamil philology. | |
| 999 |
_c58181 _d58181 |
||